Sports Quiz

Random Sports or NHL Quiz

Top 10 NHL Winningest Coaches Quiz Stats

Quiz Updated Mar 5, 2016

Also try: NHL Logos
Challenge
Share
Tweet
Embed
Score 0/10 Timer 02:00
1 Play Today
Wins Coach % Correct
1,244William 'Scotty' Bowman
89.5%
*793Joel Quenneville
64.1%
782Al Arbour
51.6%
*745Ken Hitchcock
51.2%
684Pat Quinn
33.5%
*690Lindy Ruff
33%
672Mike Keenan
31.8%
*648Barry Trotz
26.9%
648Ron Wilson
15.2%
692James 'Dick' Irvin
14.7%

You're not logged in!

Compare scores with friends on all Sporcle quizzes.
Join for Free
OR
Log In

You Might Also Like...

Show Comments

Extras

Top Quizzes Today


Score Distribution

Your Account Isn't Verified!

In order to create a playlist on Sporcle, you need to verify the email address you used during registration. Go to your Sporcle Settings to finish the process.

Report this User

Report this user for behavior that violates our Community Guidelines.

Details: